Muslim studies : (Record no. 32399)
[ view plain ]
| 000 -LEADER | |
|---|---|
| fixed length control field | 00842nam a2200253 a 4500 |
| 001 - CONTROL NUMBER | |
| control field | 32399 |
| 003 - CONTROL NUMBER IDENTIFIER | |
| rucl marc code | BD-RjUL |
| 005 - DATE AND TIME OF LATEST TRANSACTION | |
| control field | 20211209051829.0 |
| 008 - FIXED-LENGTH DATA ELEMENTS--GENERAL INFORMATION | |
| fixed length control field | 140426s1967 enk b 001 0 eng d |
| 020 ## - INTERNATIONAL STANDARD BOOK NUMBER | |
| International Standard Book Number | 0042900093 |
| 035 ## - SYSTEM CONTROL NUMBER | |
| System control number | (BD-RjUL)32488 |
| 040 ## - CATALOGING SOURCE | |
| Original cataloging agency | LC |
| Language of cataloging | eng |
| Transcribing agency | LC |
| Modifying agency | LC |
| -- | BD-RjUL |
| 041 1# - LANGUAGE CODE | |
| Language code of text/sound track or separate title | eng |
| Language code of original | ger |
| 082 04 - DEWEY DECIMAL CLASSIFICATION NUMBER | |
| Edition number | 23 |
| Classification number | 297 |
| Author mark and year | GOM |
| 100 1# - MAIN ENTRY--PERSONAL NAME | |
| Personal name | Goldziher, Ignaz, |
| Dates associated with a name | 1850-1921. |
| 9 (RLIN) | 98563 |
| 245 10 - TITLE STATEMENT | |
| Title | Muslim studies : |
| Remainder of title | (Muhammedanische Studien) / |
| Statement of responsibility, etc. | Ignaz Goldziher ; edited by S.M. Stern ; translated from the German by C.R. Barber and S.M. Stern. |
| 260 ## - PUBLICATION, DISTRIBUTION, ETC. (IMPRINT) | |
| Place of publication, distribution, etc. | London : |
| Name of publisher, distributor, etc. | Allen & Unwin, |
| Date of publication, distribution, etc. | 1967-1971. |
| 300 ## - PHYSICAL DESCRIPTION | |
| Pagination | V. ; |
| Size | 22 cm. |
| 504 ## - BIBLIOGRAPHY, ETC. NOTE | |
| Bibliography, etc | Includes bibliographical footnotes and index. |
| 505 0# - FORMATTED CONTENTS NOTE | |
| Formatted contents note | Vol. 1 -- v. 2 -- |
| 650 #0 - SUBJECT ADDED ENTRY--TOPICAL TERM | |
| Topical term or geographic name as entry element | Islam. |
| 9 (RLIN) | 98564 |
| 700 1# - ADDED ENTRY--PERSONAL NAME | |
| Personal name | Stern, S. M. |
| Fuller form of name | (Samuel Miklos), |
| Dates associated with a name | 1920-1969. |
| 942 ## - ADDED ENTRY ELEMENTS (KOHA) | |
| Source of classification or shelving scheme | Dewey Decimal Classification |
| Koha item type | Books |
| Lost status | Source of classification or shelving scheme | Damaged status | Not for loan | Collection code | Permanent Location | Current Location | Shelving location | Date acquired | Source of acquisition | Cost, normal purchase price | Total Checkouts | Full call number | Date last seen | Copy number | Koha item type |
|---|---|---|---|---|---|---|---|---|---|---|---|---|---|---|---|
| Dewey Decimal Classification | Non-fiction | Central Library, University of Rajshahi | Central Library, University of Rajshahi | 30/12/1974 | Jonathan Wren & Co., | 2.25 | 297 GOM V-1 1967 | 26/04/2014 | C-4 | Books | |||||
| Dewey Decimal Classification | Non-fiction | Central Library, University of Rajshahi | Central Library, University of Rajshahi | 11/01/1975 | Jonathan Wren & Co., | 225.00 | 297 GOM V-1 1967 | 26/04/2014 | C-5 | Books | |||||
| Dewey Decimal Classification | Not For Loan | Non-fiction | Central Library, University of Rajshahi | Central Library, University of Rajshahi | Reading Room | 30/12/1974 | Jonthon waren and co. ltd. London | 450.00 | 297 GOM V-2 1971 | 05/12/2016 | C-1 | Books |